LIBRARY & INFORMATION CENTRE, KCAET, TAVANUR

ONLINE PUBLIC ACCESS CATALOGUE (OPAC)

Mass Media in Agricultural Extension (Record no. 14232)

MARC details
000 -LEADER
fixed length control field 00312nam a22001217a 4500
020 ## - INTERNATIONAL STANDARD BOOK NUMBER
ISBN 9788170357834
082 ## - DEWEY DECIMAL CLASSIFICATION NUMBER
Classification number 630.7
Item number LAH/MA
100 ## - MAIN ENTRY--AUTHOR NAME
Personal name Lahiri. b
-- Mukhopadhyay. S.D
245 ## - TITLE STATEMENT
Title Mass Media in Agricultural Extension
260 ## - PUBLICATION, DISTRIBUTION, ETC. (IMPRINT)
Place of publication New Delhi
Name of publisher Daya Publishing House
Year of publication 2012
300 ## - PHYSICAL DESCRIPTION
Number of Pages 207
942 ## - ADDED ENTRY ELEMENTS (KOHA)
Koha item type Books
Holdings
Withdrawn status Lost status Damaged status Collection code Home library Current library Shelving location Date acquired Source of acquisition Cost, normal purchase price Full call number Accession Number Koha item type
        KAUAET KAUAET General Stacks 07/06/2016 Professional Books Cochin 750.00 630.7 LAH/MA 24268 Books
free website counter